KOHA-Header-6

Managerial Economics (Record no. 9811)

000 -LEADER
fixed length control field 00252nam a2200109Ia 4500
100 ## - MAIN ENTRY--AUTHOR NAME
Personal name Geetika, Ghosh
245 #0 - TITLE STATEMENT
Title Managerial Economics
260 ## - PUBLICATION, DISTRIBUTION, ETC. (IMPRINT)
Place of publication Canada
Name of publisher Pearson
Year of publication 2005
300 ## - PHYSICAL DESCRIPTION
Number of Pages 94
942 ## - ADDED ENTRY ELEMENTS (KOHA)
Koha item type Books
Holdings
Withdrawn status Lost status Collection code Permanent Location Current Location Shelving location Date acquired Full call number Accession Number Koha item type
    Economics MAJU MAJU Shelf No.A48 2019-09-14 505.75 5785 Economics

Powered by Koha